[Event "World Rapid 2017"]
[Site "Riyadh KSA"]
[Date "2017.12.27"]
[Round "9.13"]
[White "Korobov, Anton"]
[Black "Ponkratov, Pavel"]
[Result "1-0"]
[WhiteTitle "GM"]
[BlackTitle "GM"]
[WhiteElo "2652"]
[BlackElo "2613"]
[WhiteFideId "14105730"]
[BlackFideId "4157800"]
[EventDate "2017.12.26"]

1. d4 e6 2. c4 Nf6 3. Nc3 Bb4 4. e3 O-O 5. Bd3 b6 6. Nf3 Bb7 7. O-O d5 8. cxd5
exd5 9. a3 Bd6 10. b4 Nbd7 11. Qb3 a6 12. Ra2 Re8 13. a4 c6 14. a5 b5 15. Nd2
Qe7 16. Rb2 Ng4 17. h3 Bh2+ 18. Kh1 Bc7 19. e4 Nh2 20. Re1 Qh4 21. Kg1 Nf6 22.
Qc2 dxe4 23. Ncxe4 Nd5 24. Nf1 Nxf1 25. Rxf1 h6 26. Rb3 Rad8 27. Nc5 Bc8 28.
Bh7+ Kh8 29. Be4 Re7 30. Bd2 Nf4 31. Bxf4 Qxf4 32. g3 Qf6 33. Bg2 Rxd4 34. Rd1
Bf5 35. Qc1 Re2 36. Rf3 Rc2 37. Qa1 Rdd2 38. Re1 Re2 39. Qd1 Red2 40. Re8+ Kh7
41. Qe1 Qb2 42. Rxf5 Rc1 43. Rxf7 Rxe1+ 44. Rxe1 Be5 45. Re7 Bd4 46. Be4+ Kg8
47. Bg6 Rxf2 48. Re8+ Rf8+ 49. Kh1 Be5 50. R1xe5 1-0

[Event "World Rapid 2017"]
[Site "Riyadh KSA"]
[Date "2017.12.27"]
[Round "9.14"]
[White "McShane, Luke J"]
[Black "Onischuk, Vladimir"]
[Result "0-1"]
[WhiteTitle "GM"]
[BlackTitle "GM"]
[WhiteElo "2640"]
[BlackElo "2637"]
[WhiteFideId "404853"]
[BlackFideId "14114038"]
[EventDate "2017.12.26"]

1. e4 d6 2. d4 Nf6 3. Nc3 g6 4. g3 Bg7 5. Bg2 O-O 6. Nge2 e5 7. O-O Nc6 8. dxe5
Nxe5 9. h3 Re8 10. b3 Bd7 11. Bb2 b5 12. Nf4 Bc6 13. Re1 b4 14. Ncd5 Nxd5 15.
exd5 Bd7 16. Rb1 Qc8 17. Kh2 Qa6 18. Bd4 Nf3+ 19. Qxf3 Bxd4 20. Ne6 Qb6 21. Nxd4
Qxd4 22. Rbd1 Qb2 23. Re4 Rxe4 24. Qxe4 Qc3 25. Qd4 Qxc2 26. Rd2 Qc1 27. Qxb4
Re8 28. Qd4 a5 29. Rd1 Qa3 30. Qc3 Re2 31. Qxc7 Bf5 32. g4 Bc2 33. Rd4 Rxf2 34.
Qc8+ Kg7 35. Qc3 f6 36. Kg3 Rxg2+ 37. Kxg2 Qxa2 38. Ra4 Be4+ 39. Kf1 Qg2+ 40.
Ke1 Qg1+ 41. Kd2 Qf2+ 42. Kc1 Bxd5 43. Rd4 Bxb3 44. Rxd6 Qf4+ 45. Rd2 a4 46. Kb2
Bf7 47. Ka3 g5 48. Rd4 Qe5 49. Kxa4 Qe7 50. Rd2 h5 51. gxh5 Bxh5 52. Qd4 Be8+
53. Ka5 Qc7+ 54. Kb4 Qb7+ 55. Ka3 Qa6+ 56. Kb2 Qb5+ 57. Kc3 Bf7 58. Rf2 Qc6+ 59.
Kd2 Bg6 60. Qc3 Qd6+ 61. Ke1 Bf5 62. Rd2 Qb6 63. h4 Qg1+ 64. Ke2 Qh2+ 65. Kd1
Qh1+ 66. Ke2 Qxh4 67. Qd4 Qh2+ 68. Ke1 Qh1+ 69. Kf2 Kg6 70. Qd5 Qh2+ 71. Ke1
Qg1+ 72. Ke2 Bg4+ 73. Kd3 Qb1+ 74. Kc3 Qc1+ 75. Kb4 Qc8 76. Qe4+ Bf5 77. Qe7 Be6
78. Rd6 Qc4+ 79. Ka5 Qc5+ 80. Ka4 Qc4+ 81. Ka5 Qc3+ 82. Kb6 Qe3+ 83. Kc7 Qa7+
84. Kd8 Qb8# 0-1

[Event "World Rapid 2017"]
[Site "Riyadh KSA"]
[Date "2017.12.27"]
[Round "9.16"]
[White "Saric, Ivan"]
[Black "Riazantsev, Alexander"]
[Result "1-0"]
[WhiteTitle "GM"]
[BlackTitle "GM"]
[WhiteElo "2669"]
[BlackElo "2650"]
[WhiteFideId "14508150"]
[BlackFideId "4125029"]
[EventDate "2017.12.26"]

1. e4 c6 2. d4 d5 3. Nc3 dxe4 4. Nxe4 Bf5 5. Ng3 Bg6 6. h4 h6 7. Nf3 Nd7 8. h5
Bh7 9. Bd3 Bxd3 10. Qxd3 e6 11. Bd2 Bd6 12. O-O-O Ngf6 13. Kb1 Bc7 14. Nf1 b5
15. Ne3 Nb6 16. Rde1 Qd7 17. Rh4 O-O-O 18. Ba5 Rhe8 19. Rc1 Nfd5 20. Ne5 Qe7 21.
g3 Bxe5 22. dxe5 Kb7 23. a4 Nxe3 24. Qxe3 Nc4 25. Bxd8 Rxd8 26. Qc3 Qg5 27. Rf4
Rd7 28. axb5 cxb5 29. Re1 Qxh5 30. Qb4 Kc6 31. g4 Qh2 32. Rxc4+ bxc4 33. Qxc4+
Kb7 34. Qe4+ Kb8 35. Re3 Rb7 36. Qc6 Qg1+ 37. Ka2 Qxg4 38. Qe8+ Kc7 39. Rc3+ Kb6
40. Qc6+ 1-0

[Event "World Rapid 2017"]
[Site "Riyadh KSA"]
[Date "2017.12.27"]
[Round "9.17"]
[White "Laznicka, Viktor"]
[Black "Wang, Yue"]
[Result "1/2-1/2"]
[WhiteTitle "GM"]
[BlackTitle "GM"]
[WhiteElo "2647"]
[BlackElo "2690"]
[WhiteFideId "316385"]
[BlackFideId "8601429"]
[EventDate "2017.12.26"]

1. c4 e6 2. Nf3 Nf6 3. b3 b6 4. Bb2 Bb7 5. e3 d5 6. cxd5 exd5 7. Bb5+ c6 8. Be2
Nbd7 9. d4 Bd6 10. Ne5 Qe7 11. Nxd7 Nxd7 12. Nd2 O-O 13. O-O Rfe8 14. Rc1 a5 15.
Nf3 g6 16. Bd3 Qf8 17. Re1 Qh6 18. h3 Rac8 19. Qe2 Ra8 20. Qc2 Rac8 21. Ba1 Qf8
22. Qb1 Bb4 23. Re2 Ba3 24. Bb2 Bd6 25. Qc2 Re7 26. Qd1 Ree8 27. Rec2 Ra8 28.
Be2 Qe7 1/2-1/2

[Event "World Rapid 2017"]
[Site "Riyadh KSA"]
[Date "2017.12.27"]
[Round "9.18"]
[White "Leko, Peter"]
[Black "Aronian, Levon"]
[Result "0-1"]
[WhiteTitle "GM"]
[BlackTitle "GM"]
[WhiteElo "2691"]
[BlackElo "2805"]
[WhiteFideId "703303"]
[BlackFideId "13300474"]
[EventDate "2017.12.26"]

1. e4 e5 2. Nf3 Nc6 3. Bb5 Nf6 4. O-O Nxe4 5. Re1 Nd6 6. Nxe5 Be7 7. Bf1 Nxe5 8.
Rxe5 O-O 9. Nc3 Ne8 10. Nd5 Bd6 11. Re1 c6 12. Ne3 Be7 13. Nf5 Bf6 14. Qe2 d5
15. Ne7+ Kh8 16. Nxc8 Rxc8 17. d3 Nd6 18. c3 Bg5 19. Qg4 Bxc1 20. Raxc1 Qf6 21.
d4 g6 22. Bd3 Rfe8 23. Qg3 Ne4 24. Bxe4 dxe4 25. Re3 Re6 26. Rce1 Rce8 27. Rf1
Qd8 28. Rfe1 Qa5 29. a3 Qd5 30. Qf4 Kg7 31. h4 b5 32. Rg3 h6 33. Rge3 a5 34. Rg3
a4 35. Rge3 R8e7 36. Rg3 Rf6 37. Qg4 Qb3 38. Qe2 Rfe6 39. c4 e3 40. Rxe3 Rxe3
41. fxe3 bxc4 42. Qd2 Re4 43. g3 Qb8 44. Kg2 Qd6 45. Qf2 c5 46. Qf3 f5 47. dxc5
Qxc5 48. Qd1 Qc6 49. Kf2 Qb6 50. Qd7+ Kf8 51. Re2 f4 52. gxf4 Rxf4+ 53. Kg3 Rf1
54. Qc8+ Kg7 55. Qxc4 Qb7 56. e4 Qb6 57. Qc3+ Kh7 58. Qe3 Qc7+ 59. e5 Rf5 60.
Kg2 Qc6+ 61. Qe4 Qc1 62. Qe3 Qf1+ 63. Kg3 g5 64. h5 g4 65. Qe4 Qh3# 0-1

[Event "World Rapid 2017"]
[Site "Riyadh KSA"]
[Date "2017.12.27"]
[Round "9.19"]
[White "Savchenko, Boris"]
[Black "Karjakin, Sergey"]
[Result "1-0"]
[WhiteTitle "GM"]
[BlackTitle "GM"]
[WhiteElo "2566"]
[BlackElo "2760"]
[WhiteFideId "4147332"]
[BlackFideId "14109603"]
[EventDate "2017.12.26"]

1. e4 e5 2. Nf3 Nc6 3. Bc4 Bc5 4. c3 Nf6 5. d3 d6 6. O-O a6 7. Bb3 O-O 8. Bg5 h6
9. Bh4 g5 10. Bg3 Ba7 11. Nbd2 Kg7 12. Nc4 Be6 13. Ne3 Bxe3 14. fxe3 Bxb3 15.
axb3 Qd7 16. Qe2 Qg4 17. Be1 Ne7 18. c4 Ng6 19. b4 Nd7 20. Bc3 Qe6 21. Nd2 Rae8
22. Rf2 f5 23. Rxf5 Rxf5 24. exf5 Qxf5 25. Rf1 Qe6 26. Qf3 c6 27. Qe2 Nf6 28. d4
Qg4 29. Qxg4 Nxg4 30. Ne4 Nxe3 31. Nxd6 Re6 32. Rf7+ Kg8 33. Rd7 b5 34. cxb5
axb5 35. dxe5 Nxe5 36. Rd8+ Kh7 37. h3 Nd5 38. Nxb5 Nxc3 39. Nxc3 Nc4 40. b3 Nd6
41. Na4 Nf5 42. Nc5 Re2 43. Rd7+ Kg8 44. g4 Ne7 45. Rd6 Kg7 46. Kf1 Re5 47. Kf2
Nd5 48. Nd3 Re7 49. Rxc6 Re3 50. Nc5 Rxh3 51. b5 Rh4 52. b6 Nxb6 53. Rxb6 Rxg4
54. b4 h5 55. b5 Rb4 56. Nd3 Rb3 57. Ne5 g4 58. Rg6+ Kh7 59. b6 h4 60. Rc6 Rb2+
61. Ke3 g3 62. Nf3 g2 63. Ke4 1-0

[Event "World Rapid 2017"]
[Site "Riyadh KSA"]
[Date "2017.12.27"]
[Round "9.20"]
[White "Le, Quang Liem"]
[Black "Kasimdzhanov, Rustam"]
[Result "1-0"]
[WhiteTitle "GM"]
[BlackTitle "GM"]
[WhiteElo "2737"]
[BlackElo "2683"]
[WhiteFideId "12401137"]
[BlackFideId "14200244"]
[EventDate "2017.12.26"]

1. d4 Nf6 2. Nf3 e6 3. Bf4 d5 4. e3 c5 5. Nbd2 Nc6 6. Bb5 Bd7 7. c3 Be7 8. h3
O-O 9. Bd3 b5 10. dxc5 b4 11. c4 dxc4 12. Bxc4 Bxc5 13. Nb3 Be7 14. O-O Qb6 15.
Qe2 Rfd8 16. Rac1 Be8 17. e4 a5 18. Be3 Qb8 19. Bb5 Ne5 20. Bxe8 Nxf3+ 21. Qxf3
Rxe8 22. Rc4 Qe5 23. Qe2 Nxe4 24. Bc5 Bxc5 25. Nxc5 Qxc5 26. Rxc5 Nxc5 27. Rd1
h6 28. Rd4 Re7 29. Qb5 Rc7 30. Rc4 Na6 31. Rxc7 Nxc7 32. Qb7 Rd8 33. Qxc7 Rd5
34. Kf1 h5 35. g3 g6 36. Ke2 Kg7 37. Ke3 Rf5 38. a4 bxa3 39. bxa3 g5 40. a4 Kg6
41. Qd8 Kg7 42. Ke4 Kg6 43. f3 Kg7 44. Ke3 Kg6 45. Qg8+ Kh6 46. g4 hxg4 47. hxg4
Rf4 48. Qh8+ 1-0

[Event "World Rapid 2017"]
[Site "Riyadh KSA"]
[Date "2017.12.27"]
[Round "9.21"]
[White "Sjugirov, Sanan"]
[Black "Amin, Bassem"]
[Result "1-0"]
[WhiteTitle "GM"]
[BlackTitle "GM"]
[WhiteElo "2650"]
[BlackElo "2689"]
[WhiteFideId "4189302"]
[BlackFideId "10601457"]
[EventDate "2017.12.26"]

1. e4 e5 2. Nf3 Nc6 3. Bb5 a6 4. Ba4 Nf6 5. O-O Be7 6. d3 d6 7. c3 O-O 8. Nbd2
Re8 9. Re1 Bf8 10. Nf1 b5 11. Bc2 Nb8 12. a4 Bb7 13. Ng3 g6 14. d4 Nbd7 15. Bg5
h6 16. Bd2 c5 17. d5 c4 18. Qc1 h5 19. Bg5 Nc5 20. Nh4 Be7 21. Nhf5 gxf5 22.
Nxf5 Nh7 23. Bxe7 Rxe7 24. Qh6 f6 25. Re3 Kh8 26. Rg3 Qd7 27. axb5 Rf7 28. Qxh5
Raf8 29. bxa6 Bxa6 30. h4 Bc8 31. Ra8 Qc7 32. Qg6 Nd3 33. Nxd6 Qxd6 34. Rxc8
Rxc8 35. Qxf7 Qf8 36. Qxf8+ Nxf8 37. Bxd3 cxd3 38. Rxd3 Nd7 39. Rd1 Nc5 40. f3
Na4 41. Rd2 Rb8 42. d6 Kg7 43. c4 Nc5 44. b4 Ne6 45. c5 Nd8 46. Ra2 Nc6 47. Ra6
Nxb4 48. Rb6 Rxb6 49. cxb6 Kf7 50. b7 Nc6 51. h5 Nb8 52. Kf2 Nd7 53. Ke2 Ke6 54.
g4 1-0

[Event "World Rapid 2017"]
[Site "Riyadh KSA"]
[Date "2017.12.27"]
[Round "9.22"]
[White "Petrosian, Tigran L."]
[Black "Potkin, Vladimir"]
[Result "1-0"]
[WhiteTitle "GM"]
[BlackTitle "GM"]
[WhiteElo "2601"]
[BlackElo "2574"]
[WhiteFideId "13301616"]
[BlackFideId "4131061"]
[EventDate "2017.12.26"]

1. Nf3 d5 2. g3 Nf6 3. Bg2 c6 4. O-O Bf5 5. d3 e6 6. Nh4 Bg4 7. h3 Bh5 8. Qe1
Be7 9. e4 Nfd7 10. Nf3 O-O 11. Nbd2 a5 12. Nh2 dxe4 13. dxe4 e5 14. Bf3 Bg6 15.
Nc4 Qc7 16. a4 Bb4 17. Qe2 Nb6 18. Ne3 N8d7 19. h4 f6 20. Bg2 Nc5 21. Nf5 Ne6
22. c3 Bc5 23. h5 Bf7 24. Qg4 Kh8 25. Nf3 Nc8 26. Qh4 Be7 27. Be3 h6 28. Rfd1
Ng5 29. Qg4 Nd6 30. N3h4 Nxf5 31. exf5 Bd6 32. Ng6+ Bxg6 33. hxg6 Qe7 34. Qc4
Rad8 35. Rd2 e4 36. Rad1 Qc7 37. Bxe4 Nxe4 38. Qxe4 Bxg3 39. Rxd8 Rxd8 40. Rxd8+
Qxd8 41. fxg3 Qd1+ 42. Kf2 1-0

[Event "World Rapid 2017"]
[Site "Riyadh KSA"]
[Date "2017.12.27"]
[Round "9.23"]
[White "Sargissian, Gabriel"]
[Black "Guseinov, Gadir"]
[Result "1/2-1/2"]
[WhiteTitle "GM"]
[BlackTitle "GM"]
[WhiteElo "2672"]
[BlackElo "2646"]
[WhiteFideId "13300881"]
[BlackFideId "13401378"]
[EventDate "2017.12.26"]

1. d4 Nf6 2. Nf3 g6 3. g3 Bg7 4. Bg2 O-O 5. O-O d6 6. b3 c5 7. c4 Nc6 8. Bb2
cxd4 9. Nxd4 Bd7 10. Nc3 Qa5 11. e3 Rfc8 12. h3 Rab8 13. Nde2 a6 14. a4 Nb4 15.
Qd2 Qd8 16. Nf4 Bc6 17. e4 a5 18. Ncd5 e6 19. Nxb4 axb4 20. Rfe1 Qa5 21. Nd3 d5
22. cxd5 exd5 23. e5 Ne4 24. Qxb4 Qa6 25. Qd4 Re8 26. Rac1 Qa5 27. Kh2 Rbd8 28.
Re2 Qa8 29. Qb6 Rc8 30. Nb4 Bf8 31. Nxc6 bxc6 32. Bxe4 dxe4 33. e6 fxe6 34. Qd4
e5 35. Qc4+ Kh8 36. Rxe4 Bg7 37. Rce1 Qb8 38. f4 Rcd8 39. R1e2 Rd1 40. Bxe5 Bxe5
41. Rxe5 Rxe5 42. Qc3 Rd3 43. Qxe5+ Qxe5 44. fxe5 Kg7 45. Rc2 Rxb3 46. Rxc6 Re3
47. Rc7+ Kh6 48. Rc5 Ra3 49. a5 Ra2+ 50. Kg1 Kg5 51. Kf1 Kf5 52. Ke1 Ra3 53. g4+
Ke6 54. h4 h5 55. gxh5 gxh5 56. Kd2 Ra4 57. Kc3 Rxh4 58. Rc4 Rh1 59. Ra4 Kxe5
60. a6 Rc1+ 61. Kb4 Kf4 62. a7 Rc8 63. a8=Q Rxa8 64. Rxa8 h4 65. Kc3 h3 66. Kd2
h2 67. Rh8 Kg3 68. Ke2 Kg2 69. Rg8+ Kh1 70. Rh8 Kg2 71. Rg8+ Kh1 72. Rh8 1/2-1/2

[Event "World Rapid 2017"]
[Site "Riyadh KSA"]
[Date "2017.12.27"]
[Round "9.24"]
[White "Short, Nigel D"]
[Black "Ni, Hua"]
[Result "1-0"]
[WhiteTitle "GM"]
[BlackTitle "GM"]
[WhiteElo "2678"]
[BlackElo "2671"]
[WhiteFideId "400025"]
[BlackFideId "8601160"]
[EventDate "2017.12.26"]

1. e4 e5 2. Nf3 Nf6 3. Nxe5 d6 4. Nf3 Nxe4 5. Qe2 Qe7 6. d3 Nf6 7. Bg5 Nbd7 8.
Nc3 Qxe2+ 9. Bxe2 a6 10. O-O-O h6 11. Bh4 Be7 12. Rhe1 O-O 13. d4 Bd8 14. Bd3
Nb6 15. h3 Bd7 16. Bg3 Re8 17. Rxe8+ Bxe8 18. Ne4 Bc6 19. Ned2 Nbd5 20. c4 Ne7
21. Re1 Bd7 22. Bh2 Bf5 23. Kc2 Bxd3+ 24. Kxd3 Kf8 25. b3 Ng6 26. Nf1 Be7 27.
Ne3 Re8 28. g4 Bd8 29. Nd2 Nd7 30. f4 Ne7 31. f5 Nc6 32. a3 Bg5 33. Ne4 Nf6 34.
Nxg5 hxg5 35. Nc2 Rxe1 36. Nxe1 Ne8 37. Nf3 f6 38. Nd2 Kf7 39. b4 Ne7 40. Nf1 g6
41. Ne3 gxf5 42. gxf5 d5 43. cxd5 Nd6 44. Bxd6 cxd6 45. a4 b5 46. axb5 axb5 47.
Ke4 Nc8 48. Nd1 Kg7 49. Nc3 Na7 50. Kf3 Kf8 51. Ne4 Ke7 52. Kg4 Nc8 53. Nc3 Nb6
54. Kf3 Kd7 55. Ke4 Nc4 56. Nxb5 Nd2+ 57. Ke3 Nf1+ 58. Kf3 Nd2+ 59. Kg4 Nc4 60.
Kf3 Nd2+ 61. Ke3 Nf1+ 62. Kf2 Nd2 63. Nc3 Nb3 64. Ke3 Ke7 65. Ne2 Kd7 66. Ke4 1-0

[Event "World Rapid 2017"]
[Site "Riyadh KSA"]
[Date "2017.12.27"]
[Round "9.25"]
[White "Salem, A.R. Saleh"]
[Black "Amonatov, Farrukh"]
[Result "1/2-1/2"]
[WhiteTitle "GM"]
[BlackTitle "GM"]
[WhiteElo "2638"]
[BlackElo "2636"]
[WhiteFideId "9301348"]
[BlackFideId "14700077"]
[EventDate "2017.12.26"]

1. d4 Nf6 2. c4 g6 3. Nc3 Bg7 4. e4 d6 5. h3 O-O 6. Be3 e5 7. d5 Nbd7 8. Bd3 Nc5
9. Bc2 a5 10. Qd2 Bd7 11. Nge2 c6 12. O-O cxd5 13. exd5 b6 14. Rae1 Nh5 15. g4
Nf6 16. Ng3 h5 17. g5 Nh7 18. Kg2 f5 19. f4 Qc7 20. h4 Rae8 21. b3 Re7 22. Kg1
Rfe8 23. fxe5 Bxe5 24. Nge2 Nf8 25. Nf4 Qb8 26. a4 Qc8 27. Re2 Qd8 28. Bd4 Bxd4+
29. Qxd4 Rxe2 30. Ncxe2 Qe7 31. Rf3 Qe5 32. Kf2 Kf7 33. Re3 Qxe3+ 34. Qxe3 Rxe3
35. Kxe3 Be8 36. Nd4 Nfd7 37. Nb5 Ke7 38. Na7 Ne5 39. Nc6+ Kf7 40. Nd4 Bd7 41.
Bd1 Ne4 42. Bc2 Ng4+ 43. Ke2 Nc5 44. Kd2 Ne5 45. Bd1 Kg7 46. Ke3 Kf7 47. Nde2
Ne4 48. Bc2 Ng4+ 49. Kd4 Nc5 50. Ng3 Ne5 51. Bd1 Kg8 52. Kc3 Kf7 53. Kd4 Kg8 54.
Ke3 Kf7 55. Bc2 Ng4+ 56. Kd4 Ne5 57. Bd1 Kg8 1/2-1/2

[Event "World Rapid 2017"]
[Site "Riyadh KSA"]
[Date "2017.12.27"]
[Round "9.26"]
[White "Zhigalko, Sergei"]
[Black "Fressinet, Laurent"]
[Result "0-1"]
[WhiteTitle "GM"]
[BlackTitle "GM"]
[WhiteElo "2641"]
[BlackElo "2662"]
[WhiteFideId "13502956"]
[BlackFideId "608742"]
[EventDate "2017.12.26"]

1. e4 e5 2. Nf3 Nc6 3. Bb5 a6 4. Ba4 Nf6 5. O-O Be7 6. Re1 b5 7. Bb3 O-O 8. a4
b4 9. a5 d6 10. d3 Be6 11. Bxe6 fxe6 12. c3 Rb8 13. Nbd2 d5 14. Qe2 Bc5 15. Nb3
Bd6 16. c4 d4 17. g3 Qe8 18. Bd2 Nd7 19. Nh4 Nd8 20. Rf1 Qe7 21. Ng2 Nb7 22. f4
Nbc5 23. Nxc5 Nxc5 24. fxe5 Bxe5 25. Rxf8+ Qxf8 26. Rf1 Qe8 27. Nh4 Bf6 28. Nf3
e5 29. Bg5 Be7 30. Bxe7 Qxe7 31. Qd2 b3 32. Kg2 Rf8 33. Qb4 Qd6 34. Qd2 h6 35.
Rf2 Rf6 36. Rf1 Kf8 37. Rd1 Ke8 38. Nh4 Qc6 39. Qe2 g6 40. Nf3 Qe6 41. Nh4 Kd7
42. Nf3 Kd6 43. Re1 Rf8 44. h3 g5 45. Qd2 Rxf3 46. Kxf3 Qxh3 47. Rg1 g4+ 48. Kf2
Qh2+ 49. Rg2 Qh1 50. Qe2 Qb1 51. Rh2 Nxd3+ 52. Kg2 Ne1+ 53. Kf2 Nf3 54. c5+ Kxc5
55. Rg2 d3 56. Qe3+ Kb5 57. Qa7 Qe1# 0-1

[Event "World Rapid 2017"]
[Site "Riyadh KSA"]
[Date "2017.12.27"]
[Round "9.27"]
[White "Melkumyan, Hrant"]
[Black "Van Foreest, Jorden"]
[Result "1/2-1/2"]
[WhiteTitle "GM"]
[BlackTitle "GM"]
[WhiteElo "2633"]
[BlackElo "2629"]
[WhiteFideId "13302485"]
[BlackFideId "1039784"]
[EventDate "2017.12.26"]

1. Nf3 d5 2. d4 Nf6 3. c4 c6 4. Nc3 dxc4 5. a4 e6 6. e3 c5 7. Bxc4 Nc6 8. O-O
Be7 9. Qe2 O-O 10. Rd1 Bd7 11. dxc5 Bxc5 12. b3 Qe7 13. Bb2 Rfd8 14. Bd3 Be8 15.
Ne4 Nxe4 16. Bxe4 Rxd1+ 17. Rxd1 Rd8 18. Rxd8 Qxd8 19. Qc2 h6 20. g3 Be7 21. Ne5
Nxe5 22. Bxe5 b6 23. Kg2 Bc5 24. Bc3 Qd6 25. Bb2 Bc6 26. Bxc6 Qxc6+ 27. e4 Qd7
28. h4 Be7 29. Qe2 Qc6 30. h5 a6 31. Qc4 Qb7 32. Kf3 b5 33. axb5 axb5 34. Qd3
Bf8 35. g4 Qc6 36. Ke2 Qc5 37. Kf3 Qg5 38. Kg3 Qc5 39. Kg2 Qg5 40. Kf3 Qh4 41.
Qf1 Bc5 42. Be5 f5 43. exf5 exf5 44. gxf5 Qxh5+ 45. Ke4 Qg4+ 46. f4 Ba7 47. Bd6
Kf7 48. Qxb5 Qg2+ 49. Ke5 Qb2+ 50. Kd5 Qg2+ 51. Ke5 Qb2+ 52. Kd5 Qg2+ 53. Ke5
Qb2+ 54. Ke4 1/2-1/2

[Event "World Rapid 2017"]
[Site "Riyadh KSA"]
[Date "2017.12.27"]
[Round "9.28"]
[White "Kokarev, Dmitry"]
[Black "Fedorchuk, Sergey A."]
[Result "1-0"]
[WhiteTitle "GM"]
[BlackTitle "GM"]
[WhiteElo "2615"]
[BlackElo "2648"]
[WhiteFideId "4132181"]
[BlackFideId "14102536"]
[EventDate "2017.12.26"]

1. e4 c5 2. Nf3 e6 3. d4 cxd4 4. Nxd4 a6 5. Bd3 Bc5 6. Nb3 Be7 7. Qg4 g6 8. Qe2
d6 9. O-O Nd7 10. a4 Ne5 11. h3 Bd7 12. Nc3 Rc8 13. Kh1 Nf6 14. Bh6 Nh5 15. Qe3
g5 16. Be2 Nf4 17. Bg7 Rg8 18. Bxe5 dxe5 19. Rfd1 h5 20. Rd2 Qc7 21. Rad1 Bc6
22. Bb5 Bb4 23. Bxc6+ Qxc6 24. Kh2 h4 25. g3 Nh5 26. Qf3 Rh8 27. Rd7 Be7 28. Na5
Qxd7 29. Rxd7 Kxd7 30. Nxb7 hxg3+ 31. fxg3 Rb8 32. Qd3+ Ke8 33. Qxa6 Kf8 34. Qb5
Nf6 35. a5 Kg7 36. a6 Kg6 37. Kg2 Ra8 38. Qd3 Ra7 39. Na4 Rc8 40. Na5 Rd7 41.
Qe2 Bb4 42. Nb6 Bxa5 43. Nxc8 Rd8 44. Ne7+ Kg7 45. Nc6 Rd2 46. Qxd2 Bxd2 47. a7 1-0

[Event "World Rapid 2017"]
[Site "Riyadh KSA"]
[Date "2017.12.27"]
[Round "9.29"]
[White "Rakhmanov, Aleksandr"]
[Black "Khismatullin, Denis"]
[Result "1-0"]
[WhiteTitle "GM"]
[BlackTitle "GM"]
[WhiteElo "2653"]
[BlackElo "2632"]
[WhiteFideId "4173708"]
[BlackFideId "4142578"]
[EventDate "2017.12.26"]

1. c4 e5 2. Nf3 Nc6 3. d4 exd4 4. Nxd4 Nf6 5. Nxc6 bxc6 6. g3 Bb4+ 7. Bd2 Qe7 8.
Bg2 Ne4 9. O-O Nxd2 10. Nxd2 O-O 11. a3 Bd6 12. b4 Be5 13. Rb1 Rd8 14. Qc2 a5
15. Rfd1 axb4 16. axb4 Ra3 17. c5 Ba6 18. Nf3 Bf6 19. Nd4 Bb5 20. Nxb5 cxb5 21.
e3 h5 22. Qe2 h4 23. Qxb5 c6 24. Qc4 Rb8 25. Bh3 Rc3 26. Qg4 Qe6 27. Qf4 Qe5 28.
Qxe5 Bxe5 29. Bxd7 hxg3 30. hxg3 Rc4 31. Bxc6 Rbxb4 32. Rxb4 Rxb4 33. Rd8+ Kh7
34. Bd5 f5 35. c6 Rb1+ 36. Kg2 Rc1 37. Rd7 Rc2 38. g4 Kg6 39. Re7 Bc3 40. gxf5+
Kxf5 41. Be4+ Kf6 42. c7 1-0

[Event "World Rapid 2017"]
[Site "Riyadh KSA"]
[Date "2017.12.27"]
[Round "9.31"]
[White "Almasi, Zoltan"]
[Black "Ponomariov, Ruslan"]
[Result "1/2-1/2"]
[WhiteTitle "GM"]
[BlackTitle "GM"]
[WhiteElo "2682"]
[BlackElo "2694"]
[WhiteFideId "702293"]
[BlackFideId "14103320"]
[EventDate "2017.12.26"]

1. e4 d6 2. d4 Nf6 3. Nc3 g6 4. Bg5 Bg7 5. Qd2 h6 6. Bh4 O-O 7. f4 e5 8. dxe5
Nxe4 9. Bxd8 Nxd2 10. Bxc7 Nxf1 11. Kxf1 dxe5 12. Bxe5 Bxe5 13. fxe5 Nc6 14. Nf3
Bg4 15. Kf2 Bxf3 16. gxf3 Nxe5 17. Rhe1 Nc4 18. b3 Na3 19. Rac1 Rac8 20. Nd5
Rxc2+ 21. Rxc2 Nxc2 22. Nf6+ Kg7 23. Ne8+ Kh8 24. Re7 Nb4 25. Nd6 Nxa2 26. Nxf7+
Kg7 27. Nd6+ Kf6 28. Rxb7 Ke6 29. Rxa7 Nc1 30. Ne4 Nxb3 31. Ke3 Rd8 32. Rg7 g5
33. Rg6+ Ke5 34. Rxh6 Nd4 35. Rg6 Nf5+ 36. Kf2 Rh8 37. Rxg5 Rxh2+ 38. Kg1 Rc2
39. Ng3 1/2-1/2

[Event "World Rapid 2017"]
[Site "Riyadh KSA"]
[Date "2017.12.27"]
[Round "9.32"]
[White "Miton, Kamil"]
[Black "Bacrot, Etienne"]
[Result "1/2-1/2"]
[WhiteTitle "GM"]
[BlackTitle "GM"]
[WhiteElo "2584"]
[BlackElo "2725"]
[WhiteFideId "1111914"]
[BlackFideId "605506"]
[EventDate "2017.12.26"]

1. e4 e5 2. Nf3 Nc6 3. Bc4 Bc5 4. c3 Nf6 5. d3 d6 6. Nbd2 a6 7. Bb3 O-O 8. h3
Ba7 9. Nf1 Ne7 10. Ng3 Ng6 11. O-O h6 12. d4 Re8 13. Re1 b5 14. Be3 Bb7 15. Bc2
exd4 16. Nxd4 d5 17. Nb3 Bxe3 18. Rxe3 Qd6 19. Nf5 Qb6 20. exd5 Nxd5 21. Rxe8+
Rxe8 22. Qd4 Qxd4 23. Nfxd4 Ndf4 24. Bxg6 fxg6 25. Nc5 Bxg2 26. Nxa6 c6 27. Nc7
Re4 28. h4 Bh3 29. f3 Re5 30. Kf2 c5 31. Kg3 g5 32. hxg5 hxg5 33. Ncxb5 Bd7 34.
a4 cxd4 35. Nxd4 Ra5 36. b3 Kf7 37. c4 Ke7 38. Re1+ Kd6 39. Nb5+ Kc5 40. Re5+
Kb4 41. Rxg5 Ne6 42. Rd5 Nc5 43. Nd4 Ra8 44. Rg5 Rg8 45. Rd5 Rf8 46. a5 Rf7 47.
Rd6 Kxa5 48. Nc6+ Bxc6 49. Rxc6 Nxb3 50. f4 Nd4 51. Rc8 Ne2+ 52. Kg4 Nxf4 53.
Rc5+ Kb4 54. Rf5 Rxf5 55. Kxf5 Kxc4 56. Ke5 1/2-1/2

[Event "World Rapid 2017"]
[Site "Riyadh KSA"]
[Date "2017.12.27"]
[Round "9.33"]
[White "Meier, Georg"]
[Black "Eljanov, Pavel"]
[Result "1/2-1/2"]
[WhiteTitle "GM"]
[BlackTitle "GM"]
[WhiteElo "2650"]
[BlackElo "2711"]
[WhiteFideId "4675789"]
[BlackFideId "14102951"]
[EventDate "2017.12.26"]

1. Nf3 d5 2. g3 Nd7 3. d4 b5 4. Bg2 Bb7 5. O-O e6 6. a4 b4 7. a5 Bd6 8. c3 Rb8
9. cxb4 Bxb4 10. a6 Ba8 11. Bf4 Ne7 12. Qc2 Bd6 13. Rc1 O-O 14. Nbd2 Bc6 15. e3
Bb5 16. Bxd6 cxd6 17. Qc7 Rb6 18. Bf1 Bxf1 19. Kxf1 Nb8 20. Qxd8 Rxd8 21. Rc7
Nbc6 22. b3 Kf8 23. Rb7 Rxb7 24. axb7 Rb8 25. Ne1 Rxb7 26. Ke2 Ke8 27. Nc2 a5
28. Kd3 Nc8 29. g4 Kd7 30. h4 e5 31. h5 h6 32. f4 N8a7 33. Rf1 e4+ 34. Ke2 Nb4
35. Nxb4 axb4 36. Ra1 Nb5 37. Ra8 Ra7 38. Rxa7+ Nxa7 39. Nf1 Nc6 40. Kd2 f5 41.
g5 Ke6 42. g6 Ne7 43. Ng3 Ng8 44. Ke2 Nf6 45. Kd2 Ng4 46. Ke2 Kf6 47. Nf1 1/2-1/2